Представление документа в формате RUSMARC

ПолеНазваниеЗначение
  Тип записи a
  Библиографический уровень m
001 Контрольный номер RU/IS/BASE/501938028
005 Дата корректировки 20240207193213.5
010 Индекс ISBN __
d Цена 2 р. 00 к.
100 Данные общей обработки __
a Данные общей обработки 20151127d2015 ||| 0rusy0189 ca
101 Язык документа 0_
a Язык текста rus
102 Страна публикации __
a Страна публикации RU
105 Кодированные данные (монография) __
a Кодированные данные (монография) y###||||000|y
200 Заглавие и сведения об ответственности 1_
a Заглавие Организация проведения деловых игр
b Общее обозначение материала Текст
e Сведения, относящиеся к заглавию учебно-методическое пособие для преподавателей средних специальных учебных заведений
f Первые сведения об ответственности Е. А. Хруцкий
210 Выходные данные 1_
a Место издания Москва
c Издательство Высшая школа
d Дата издания 1991
215 Физическое описание __
a Объем 320 с.
606 Тематические рубрики 1_
a Основная рубрика Экономика занимательная - Игры деловые
608 Указатель предметных рубрик __
a Жанр/форма пособие
610 Ключевые слова 1_
a Ключевые слова пособия методические
a Ключевые слова пособия для учителей
a Ключевые слова игры деловые
a Ключевые слова экономика занимательная
686 Индексы других классификаций __
a Классификационный индекс 65я92
2 Код системы rubbk
700 Автор _1
a Фамилия Хруцкий
b Имя (инициалы) Е. А.
801 Источник записи _0
a Страна RU
b Организация Ульяновская ОБДЮ
c Дата составления 20151127
g Правила каталогизации RCR
801 Источник записи _1
a Страна RU
b Организация Ульяновская ОБДЮ
c Дата составления 20151127
g Правила каталогизации RCR
852 Данные о местонахождении __
a Наименование организации Ульяновская ОБДЮ
i Авторский знак Х 95
j Шифр хранения 65.9(2)24
901 Тип документа __
t Тип документа m
910 Корректоры записи __
a Корректор записи Рябова
919 __
a Рябова
938 Служебная информация __
a Имя БД MarkBase